000 00301nam a2200121Ia 4500
008 211105s9999 xx 000 0 und d
020 _aVYASA00481
100 _aAkhandananda Saraswathi
245 0 _aAb Ham Shartiya Bolte Hei
250 _a1st
260 _bSatsahitya prakashan trust
_c\N
300 _a48
999 _c9870
_d9870